书目信息 |
| 题名: |
实用土力学
|
|
| 作者: | 高大钊, 著 | |
| 分册: | 下 | |
| 出版信息: | 北京 人民交通出版社 2014.11 |
|
| 页数: | 417-876页 | |
| 开本: | 23cm | |
| 丛书名: | 岩土工程丛书 | |
| 单 册: | ||
| 中图分类: | TU4 | |
| 科图分类: | ||
| 主题词: | 土力学--tu li xue--岩土工程 | |
| 电子资源: | ||
| ISBN: | 978-7-114-11812-8 | |
| 000 | 01296nam 2200301 450 | |
| 001 | CAL 0120151522611 | |
| 005 | 20150817153816.37 | |
| 010 | @a978-7-114-11812-8@dCNY54.00 | |
| 100 | @a20150316d2014 em y0chiy50 ea | |
| 101 | 0 | @achi |
| 102 | @aCN@b110000 | |
| 105 | @ak a 000yy | |
| 106 | @ar | |
| 200 | 1 | @a实用土力学@Ashi yong tu li xue@d= Soil mechanics in engineering practice@e岩土工程疑难问题答疑整理之三@h下@f高大钊著@zeng |
| 210 | @a北京@c人民交通出版社@d2014.11 | |
| 215 | @a417-876页@d23cm | |
| 225 | 2 | @a岩土工程丛书@Ayan tu gong cheng cong shu@v12 |
| 320 | @a有书目 (第875-876页) | |
| 330 | @a本书共2册7章, 内容包括岩土工程与土力学的关系 ; 岩土工程勘察与土力学 ; 天然地基浅基础设计的土力学原理 ; 地基处理技术中的土力学问题 ; 桩基础工程的土力学问题 ; 深基坑、高边坡工程中的土力学问题 ; 基地抗震与土动力学。书中共回答了501个岩土工程方面的问题。本册为下册, 包括后四章。 | |
| 410 | 0 | @12001 @a岩土工程丛书@v12 |
| 510 | 1 | @aSoil mechanics in engineering practice@zeng |
| 517 | 1 | @a岩土工程疑难问题答疑整理之三@Ayan tu gong cheng yi nan wen ti da yi zheng li zhi san |
| 586 | @a | |
| 606 | 0 | @a土力学@Atu li xue@x岩土工程 |
| 690 | @aTU4@v5 | |
| 701 | 0 | @a高大钊,@Agao da zhao@f1935-@4著 |
| 801 | 0 | @aCN@c20150820 |
| 905 | @a河南城建学院图书馆@dTU4@eG1003:2@f3 | |
| 实用土力学= Soil mechanics in engineering practice:岩土工程疑难问题答疑整理之三.下/高大钊著.-北京:人民交通出版社,2014.11 |
| 417-876页;23cm.-(岩土工程丛书;12) |
| ISBN 978-7-114-11812-8:CNY54.00 |
| 本书共2册7章, 内容包括岩土工程与土力学的关系 ; 岩土工程勘察与土力学 ; 天然地基浅基础设计的土力学原理 ; 地基处理技术中的土力学问题 ; 桩基础工程的土力学问题 ; 深基坑、高边坡工程中的土力学问题 ; 基地抗震与土动力学。书中共回答了501个岩土工程方面的问题。本册为下册, 包括后四章。 |
| ● |
| 相关链接 |
|
|
|
正题名:实用土力学
索取号:TU4/G1003:2
 
预约/预借
| 序号 | 登录号 | 条形码 | 馆藏地/架位号 | 状态 | 备注 |
| 1 | 1165878 | 211658785 | 建筑库101/101建筑库 92排2列4层/ [索取号:TU4/G1003:2] | 在馆 | |
| 2 | 1165879 | 211658794 | 建筑库101/101建筑库 92排2列4层/ [索取号:TU4/G1003:2] | 在馆 | |
| 3 | 1165880 | 211658801 | 土木与交通工程学院资料室/101建筑库 47排1列3层/ [索取号:TU4/G1003:2] | 在馆 |